000 00896nam a2200265Ia 4500
003 OSt
005 20251115094743.0
008 210716s2014 xx 000 0 und d
020 _a9781780171753
040 _cAIMIT LIBRARY
041 _aeng
082 _a005.8
_22
_bTAYA
245 _aInformation security management principles /
_cEdited by Andy Tayor,...[et.al].
250 _a2nd ed.
260 _aNew Delhi :
_bViva Books ,
_c2014.
300 _axvi,208p. ;
_bPB
_c24.3 cm
650 _aInformation risk
_9245647
650 _aProcedural and people security controls
_9245648
650 _aSoftware development and life cycle
_9245649
700 _aTaylor, Andy
_eEditor
_9245650
700 _aAlexander, David.
_eEditor
_9245651
700 _aFinch, Amanda.
_eEditor
_9245652
700 _aSutton, David.
_eEditor
_9245653
942 _2ddc
_cBK
_e2nd
_i005.8 TAYA
999 _c194329
_d194329